000 00923nam a22002537a 4500
001 8804
003 FISKH
005 20251021141810.0
008 251021b cb ||||| |||| 00| 0 eng d
020 _a9789831459881
040 _aFISKH
_beng
_cFISKH
_dFISKH
082 _a813.4
100 _aLakin, Patricia
245 _aRhyming words with Sam & Pam :
_bAt the beach & a trip to the mall /
260 _aSdn. Bhd :
_bMind to Mind,
300 _a32 pages :
_bcolor illustrations ;
_c21 cm
505 _aG
520 _aSam, Pam, Will and Jill decide it’s the perfect day for the beach. They put on swimsuits and pack a picnic lunch — but with Sam, Pam, Will and Jill, nothing is as easy as it seems. Will they actually make it to the beach?
521 8 _a400
_bLexile estimate
521 8 _aG
_bRaz-Plus
650 _aBeach
_vPicture Book
_xSummer Adventure
942 _2ddc
_cBK
_n0
999 _c8804
_d8804